000 00838nam a22002537a 4500
003 LK-CoDNM
005 20241218144906.0
008 241218b |||||||| |||| 00| 0 eng d
040 _aLK-CoDNM
_dLK-CoDNM
_eLK-CoDNM
041 _aeng
080 _a2
_bC6
100 _aANNANDALE , NELSON
245 _aFresh - water sponges in the collection the united states national museum part 3 Description of new species of sponglla from China
260 _agoverment printing office
_bwashington
_c1910
300 _a1p. : 24 cm
490 _aVol 38
650 _aANNANDALE , NELSON
650 _aFresh - water sponges in the collection the united states national museum part 3 Description of new species of sponglla from China
650 _a2 c 6
650 _avol 38
650 _a1910
650 _ascience
942 _cBK
999 _c233456
_d233456